000 00659nam a2200241Ia 4500
001 38447
005 20240114002010.0
007 ta
008 070720s1962 a g b000 u 465 u
040 _aCotton College,Assam
041 _a465
082 _a954.023
_bSa 29 H
100 _aSaksena, Banarsi Prasad .
245 0 _aHistory of Shahjahan of Dihli /
_cBanarsi Prasad Saksena.
_hTextual Documents
250 _a1st ed. /
260 _aAllahabad :
_bCentral Book Depot ,
_c1962.
300 _a371p. :
_bill ;
_c22cm .
653 _aHistory-Shahjahan
653 _aG-History
942 _2ddc
_cBK
999 _c38421
_d38421